Corporate Strategy (Record no. 1088817)

MARC details
000 -LEADER
fixed length control field 00353nam a2200121Ia 4500
008 - FIXED-LENGTH DATA ELEMENTS--GENERAL INFORMATION
fixed length control field 231228s2002 xx 000 0 und d
041 ## - LANGUAGE CODE
Language code of text/sound track or separate title eng
082 ## - DEWEY DECIMAL CLASSIFICATION NUMBER
Classification number 658.4`012
Item number COL
100 ## - MAIN ENTRY--PERSONAL NAME
Personal name COLLEY (John)/ DOYLE (Jacqueline)
245 ## - TITLE STATEMENT
Title Corporate Strategy
260 ## - PUBLICATION, DISTRIBUTION, ETC.
Place of publication, distribution, etc. New Delhi
Name of publisher, distributor, etc. Tata McGraw-Hil Publication Company Limited . Delhi
Date of publication, distribution, etc. 2002
300 ## - PHYSICAL DESCRIPTION
Extent 255

No items available.